Štruktúra produkcie slovenských poľnohospodárskych a potravinárskych produktov
Je známe, že Slovensko patrí medzi ekonomiky s vysokým stupňom zapojenie sa do globálnych dodávateľských reťazcov, a to hlavne v priemyselnom sektore. A je tiež pravdou, že sa zapájame do menej sofistikovaných činností týchto štruktúr (zväčša kompletačné; Kordalska a Olczyk, 2023). Lenže, slovenskí...
Saved in:
| Main Author: | |
|---|---|
| Format: | Book Chapter |
| Language: | Slovak |
| Subjects: | |
| Tags: |
No Tags, Be the first to tag this record!
|
MARC
| LEADER | 00000naa$a2200000$$$4500 | ||
|---|---|---|---|
| 001 | 0313440 | ||
| 005 | 20251215131416.7 | ||
| 041 | 0 | |a slo | |
| 044 | |a SK | ||
| 245 | 1 | 0 | |a Štruktúra produkcie slovenských poľnohospodárskych a potravinárskych produktov |c Dušan Steinhauser |
| 520 | |a Je známe, že Slovensko patrí medzi ekonomiky s vysokým stupňom zapojenie sa do globálnych dodávateľských reťazcov, a to hlavne v priemyselnom sektore. A je tiež pravdou, že sa zapájame do menej sofistikovaných činností týchto štruktúr (zväčša kompletačné; Kordalska a Olczyk, 2023). Lenže, slovenskí importéri, čiže firmy v slovenskom vlastníctve, exportujú agro-produkty alebo základné kovy (Steinhauser a Boros, 2022). | ||
| 610 | 2 | 0 | |a komplex poľnohospodársko-potravinársky |
| 610 | 2 | 0 | |a investície ekologické |
| 610 | 2 | 0 | |a investície finančné |
| 610 | 2 | 0 | |a investovanie |
| 610 | 2 | 0 | |a agropotravinárstvo |
| 610 | 2 | 0 | |a konkurencieschopnosť |
| 100 | 1 | |a Steinhauser, Dušan, 1988- | |